| 000 -LEADER |
| fixed length control field |
00724nam a22001937a 4500 |
| 005 - DATE AND TIME OF LATEST TRANSACTION |
| control field |
20250918144149.0 |
| 008 - FIXED-LENGTH DATA ELEMENTS--GENERAL INFORMATION |
| fixed length control field |
250918s1997 gw ||||| |||| 00| 0 goh d |
| 020 ## - INTERNATIONAL STANDARD BOOK NUMBER |
| International Standard Book Number |
9783423033480 |
| 041 ## - LANGUAGE CODE |
| Language code of text/sound track or separate title |
goh |
| 080 ## - UNIVERSAL DECIMAL CLASSIFICATION NUMBER |
| Universal Decimal Classification number |
821.112.2.09 L-51 |
| 100 ## - MAIN ENTRY--PERSONAL NAME |
| Personal name |
Leiß, Ingo |
| 9 (RLIN) |
25826 |
| 245 ## - TITLE STATEMENT |
| Title |
Deutsche Literaturgeschichte : |
| Remainder of title |
Band 8: Wege in die Moderne 1890 - 1918 / |
| Statement of responsibility, etc. |
Ingo Leiß, Hermann Stadler. |
| 264 ## - PRODUCTION, PUBLICATION, DISTRIBUTION, MANUFACTURE, AND COPYRIGHT NOTICE |
| Place of production, publication, distribution, manufacture |
München : |
| Name of producer, publisher, distributor, manufacturer |
Deutscher Taschenbuch Verlag, |
| Date of production, publication, distribution, manufacture, or copyright notice |
1997. |
| 300 ## - PHYSICAL DESCRIPTION |
| Extent |
446 p. |
| Other physical details |
20 cm. |
| 653 ## - INDEX TERM--UNCONTROLLED |
| keyword |
გერმანული ლიტერატურის ისტორია |
| 653 ## - INDEX TERM--UNCONTROLLED |
| keyword |
მოდერნიზმი |
| 700 ## - ADDED ENTRY--PERSONAL NAME |
| Personal name |
Stadler,Hermann |
| Relator term |
ავტორი |
| 9 (RLIN) |
25834 |
| 942 ## - ADDED ENTRY ELEMENTS (KOHA) |
| Source of classification or shelving scheme |
|
| Koha item type |
წიგნი |